[Event "7. Open C.A. Ciudad los Angeles 2012"]
[Site "Madrid ESP"]
[Date "2013.05.26"]
[Round "8.6"]
[White "Vazquez Moreno, Luis"]
[Black "Ruiz Sanchez, Roberto"]
[Result "0-1"]
[WhiteElo "1729"]
[BlackElo "1981"]
[PlyCount "94"]
[EventDate "2013.04.07"]
[EventType "swiss"]
[EventRounds "9"]
[EventCountry "ESP"]
[SourceTitle "Ajedrez en Madrid"]
[Source "lmi"]
[SourceDate "2013.04.07"]
[SourceVersion "1"]
[SourceVersionDate "2013.08.06"]
[SourceQuality "1"]

1. d4 d5 2. c4 c6 3. Nc3 Nf6 4. Nf3 a6 5. Bg5 Ne4 6. cxd5 cxd5 7. Qa4+ Nc6 8.
Bf4 e6 9. e3 Be7 10. Bd3 g5 11. Bg3 h5 12. h4 Nxg3 13. fxg3 g4 14. Ne5 Bd7 15.
Nxd7 Qxd7 16. a3 Bd6 17. Ne2 f5 18. Rc1 O-O 19. O-O Rfc8 20. b4 b5 21. Qd1 Nd8
22. Qd2 Nf7 23. Nf4 Bxf4 24. gxf4 Nd6 25. g3 Kf7 26. Rc5 Qb7 27. Rfc1 Ke7 28.
Qc2 Nc4 29. Bxc4 dxc4 30. Qg2 Qxg2+ 31. Kxg2 Rxc5 32. bxc5 Kd7 33. Kf2 Kc6 34.
Ke2 Kd5 35. Rb1 Rb8 36. Kd2 Ke4 37. Kc3 Kf3 38. d5 exd5 39. Kd4 Kxg3 40. Kxd5
Kf2 41. Kd6 g3 42. Kc7 Rg8 43. c6 g2 44. Kb6 g1=Q 45. Rxg1 Kxg1 46. Kxa6 c3 47.
Kb7 c2 0-1

[Event "7. Open C.A. Ciudad los Angeles 2012"]
[Site "Madrid ESP"]
[Date "2013.05.26"]
[Round "8.8"]
[White "Magan Gonzalez, Alberto"]
[Black "Soto Martin, Miguel"]
[Result "1-0"]
[WhiteElo "1855"]
[BlackElo "1524"]
[PlyCount "103"]
[EventDate "2013.04.07"]
[EventType "swiss"]
[EventRounds "9"]
[EventCountry "ESP"]
[SourceTitle "Ajedrez en Madrid"]
[Source "lmi"]
[SourceDate "2013.04.07"]
[SourceVersion "1"]
[SourceVersionDate "2013.08.06"]
[SourceQuality "1"]

1. e4 c5 2. Nf3 e6 3. d4 cxd4 4. Nxd4 a6 5. Nc3 Qc7 6. a3 Nf6 7. Bg5 Be7 8. Be2
h6 9. Be3 Nc6 10. O-O O-O 11. Qd2 Nxd4 12. Qxd4 d6 13. f4 e5 14. Qd2 Kh7 15. f5
b5 16. g4 Bb7 17. Bf3 Rh8 18. h4 Kg8 19. Kg2 h5 20. g5 Ng4 21. Bg1 Rc8 22. Bxg4
hxg4 23. Qf2 f6 24. g6 Qc4 25. Rfe1 d5 26. exd5 Bxd5+ 27. Nxd5 Qxd5+ 28. Kg3
Qf3+ 29. Qxf3 gxf3 30. c3 Bd6 31. Rad1 Be7 32. Rd7 Kf8 33. Bf2 Ke8 34. Red1 Rd8
35. Rxd8+ Bxd8 36. Kxf3 Ke7 37. Bc5+ Ke8 38. Kg4 Be7 39. Bb6 Bf8 40. Rd8+ Ke7
41. Ra8 Kd6 42. b4 Kd5 43. Bc5 Bxc5 44. Rxh8 Be3 45. Kf3 Bd2 46. Rd8+ Kc4 47.
Rxd2 Kxc3 48. Ke3 e4 49. h5 Kb3 50. h6 gxh6 51. g7 Kxa3 52. g8=Q 1-0

[Event "7. Open C.A. Ciudad los Angeles 2012"]
[Site "Madrid ESP"]
[Date "2013.05.26"]
[Round "8.9"]
[White "Garcia De Quesada Y Fort, Ignacio"]
[Black "Lianes Garcia, Marcos"]
[Result "1/2-1/2"]
[WhiteElo "1926"]
[BlackElo "1741"]
[PlyCount "152"]
[EventDate "2013.04.07"]
[EventType "swiss"]
[EventRounds "9"]
[EventCountry "ESP"]
[SourceTitle "Ajedrez en Madrid"]
[Source "lmi"]
[SourceDate "2013.04.07"]
[SourceVersion "1"]
[SourceVersionDate "2013.08.06"]
[SourceQuality "1"]

1. d4 Nf6 2. c4 g6 3. Nc3 Bg7 4. e4 d6 5. f3 O-O 6. Be3 Nbd7 7. Qd2 e5 8. d5
Kh8 9. g4 h5 10. h3 Nh7 11. O-O-O h4 12. g5 f6 13. gxf6 Qxf6 14. Nb5 Qd8 15.
Qg2 g5 16. Ne2 a6 17. Nbc3 Qf6 18. Ng1 Bh6 19. Kb1 Rf7 20. Bd3 Ndf8 21. Rf1 Ng6
22. Nge2 Rg7 23. Qf2 Bd7 24. Bc2 Rag8 25. c5 Nf4 26. Ng1 Nf8 27. Qd2 Nh5 28.
Nce2 Ng6 29. cxd6 cxd6 30. Rh2 Ngf4 31. Rff2 Ng3 32. Nc3 Qd8 33. Na4 Bxa4 34.
Bxa4 b5 35. Bb3 Qd7 36. a3 Rc8 37. Qa5 Qb7 38. Rc2 Rgc7 39. Rxc7 Rxc7 40. Rc2
Rxc2 41. Qd8+ Kh7 42. Bxc2 Nf1 43. Bxf4 gxf4 44. Qxd6 Qg7 45. Ne2 Nd2+ 46. Ka2
Nxf3 47. Qe6 Ng5 48. Qf5+ Kh8 49. d6 Qf7+ 50. Bb3 Qxf5 51. exf5 Bf8 52. d7 Be7
53. Nc3 f3 54. Nd5 Bd8 55. f6 f2 56. Ne3 Bxf6 57. Bd5 Nxh3 58. Bb7 a5 59. Ba6
b4 60. axb4 axb4 61. Kb3 Nf4 62. Kxb4 Kg8 63. Kc5 Ne6+ 64. Kd6 Nd8 65. Ng4 Kf7
66. Nxf2 Be7+ 67. Kc7 Kf6 68. Bd3 Ne6+ 69. Kc8 Nd8 70. Ne4+ Ke6 71. Nc5+ Bxc5
72. Kxd8 Bb6+ 73. Ke8 Kd5 74. d8=Q+ Bxd8 75. Kxd8 Kc5 76. Ke7 Kb4 1/2-1/2

[Event "7. Open C.A. Ciudad los Angeles 2012"]
[Site "Madrid ESP"]
[Date "2013.05.26"]
[Round "8.10"]
[White "Sebastian Enesco, Alex"]
[Black "Bellod Thomas, Gonzalo"]
[Result "1-0"]
[WhiteElo "1795"]
[BlackElo "1715"]
[PlyCount "99"]
[EventDate "2013.04.07"]
[EventType "swiss"]
[EventRounds "9"]
[EventCountry "ESP"]
[SourceTitle "Ajedrez en Madrid"]
[Source "lmi"]
[SourceDate "2013.04.07"]
[SourceVersion "1"]
[SourceVersionDate "2013.08.06"]
[SourceQuality "1"]

1. e4 e6 2. d4 d5 3. Nc3 Bb4 4. e5 c5 5. a3 Bxc3+ 6. bxc3 Ne7 7. Nf3 Qa5 8. Bd2
Qa4 9. Bd3 Nbc6 10. Bg5 cxd4 11. cxd4 Bd7 12. c3 Na5 13. O-O Bb5 14. Bxb5+ Qxb5
15. Rb1 Qc6 16. Bxe7 Kxe7 17. Ng5 h6 18. Nh3 Nc4 19. a4 g5 20. f4 Ne3 21. Qc1
Nxf1 22. Qa3+ Kd7 23. Kxf1 g4 24. Nf2 g3 25. hxg3 h5 26. a5 Rag8 27. Nd3 Rb8
28. Nc5+ Kc7 29. a6 b6 30. Nb7 h4 31. gxh4 Kd7 32. g3 Rbg8 33. Kf2 Rg7 34. Qd6+
Qxd6 35. Nxd6 Rhg8 36. Rg1 Ke7 37. h5 f5 38. exf6+ Kxf6 39. h6 Rh7 40. g4 Rc7
41. g5+ Kg6 42. Re1 Re7 43. f5+ Kh7 44. Rxe6 Rxe6 45. fxe6 Rf8+ 46. Kg3 Rg8 47.
Kf4 Rf8+ 48. Ke5 Kg6 49. e7 Kxg5 50. exf8=Q 1-0

[Event "7. Open C.A. Ciudad los Angeles 2012"]
[Site "Madrid ESP"]
[Date "2013.05.26"]
[Round "8.11"]
[White "Fernandez Bonilla, M. Arcangel"]
[Black "De Pablo Peña, Miguel Angel"]
[Result "0-1"]
[WhiteElo "1769"]
[BlackElo "1635"]
[PlyCount "110"]
[EventDate "2013.04.07"]
[EventType "swiss"]
[EventRounds "9"]
[EventCountry "ESP"]
[SourceTitle "Ajedrez en Madrid"]
[Source "lmi"]
[SourceDate "2013.04.07"]
[SourceVersion "1"]
[SourceVersionDate "2013.08.06"]
[SourceQuality "1"]

1. Nf3 Nf6 2. c4 g6 3. d4 Bg7 4. Nc3 d6 5. e4 O-O 6. Be2 e5 7. O-O Nc6 8. d5
Ne7 9. b4 c6 10. Ba3 Ne8 11. Qb3 Kh8 12. c5 cxd5 13. exd5 a6 14. Rad1 b5 15.
Bb2 h6 16. a4 bxa4 17. Nxa4 Rb8 18. Nb6 Rxb6 19. cxb6 Qxb6 20. Nd2 Bb7 21. Nc4
Qd8 22. Ne3 f5 23. f4 Qb6 24. Kh1 e4 25. Bxg7+ Kxg7 26. Bc4 Nf6 27. Rd2 Rb8 28.
Rb1 h5 29. Qc3 Kf7 30. Qd4 Qxd4 31. Rxd4 Nd7 32. Rdd1 Nb6 33. Rbc1 Rc8 34. Bb3
Rxc1 35. Rxc1 Bxd5 36. Bxd5+ Nbxd5 37. Nxd5 Nxd5 38. Rc6 Ke6 39. g3 Nxb4 40.
Rb6 a5 41. Rb5 Nc6 42. Kg2 d5 43. Kf2 Kd6 44. Ke3 a4 45. Rb1 d4+ 46. Kd2 Kc5
47. Ra1 Kb5 48. Rc1 a3 49. Kc2 Nb4+ 50. Kb3 a2 51. Rd1 d3 52. Kb2 e3 53. Ra1 e2
54. Kc3 Kc5 55. h3 Nc2 0-1

[Event "7. Open C.A. Ciudad los Angeles 2012"]
[Site "Madrid ESP"]
[Date "2013.05.26"]
[Round "8.12"]
[White "Sirera Ripoll, Jose"]
[Black "Maseda Iglesias, Luis"]
[Result "1-0"]
[WhiteElo "1692"]
[BlackElo "1766"]
[PlyCount "117"]
[EventDate "2013.04.07"]
[EventType "swiss"]
[EventRounds "9"]
[EventCountry "ESP"]
[SourceTitle "Ajedrez en Madrid"]
[Source "lmi"]
[SourceDate "2013.04.07"]
[SourceVersion "1"]
[SourceVersionDate "2013.08.06"]
[SourceQuality "1"]

1. e4 e6 2. d4 d5 3. e5 c5 4. c3 Nc6 5. Nf3 Qb6 6. a3 Nh6 7. b4 cxd4 8. cxd4
Nf5 9. Bb2 Bd7 10. g4 Nfe7 11. Nc3 Ng6 12. Na4 Qd8 13. Rc1 Be7 14. Nc5 Qb6 15.
Qd2 h6 16. Bd3 Nh4 17. Nxh4 Bxh4 18. O-O Be7 19. f4 a6 20. Kg2 a5 21. b5 Na7
22. a4 Nc8 23. Kg3 Qa7 24. Rc3 Nb6 25. Qc2 O-O 26. f5 exf5 27. Nxd7 Nxd7 28.
Rc7 f4+ 29. Kh3 Nxe5 30. Rxe7 Rac8 31. Qe2 Nxd3 32. Qxd3 Qb8 33. Qf5 Rce8 34.
Ba3 Rxe7 35. Bxe7 Re8 36. Bh4 Re3+ 37. Kg2 g5 38. Bf2 Ra3 39. Rc1 Qd6 40. Rc8+
Kg7 41. Qe5+ Qxe5 42. dxe5 Rxa4 43. Rd8 Rb4 44. Rxd5 a4 45. b6 a3 46. Ra5 Rb3
47. Ra7 Kg6 48. Rxb7 a2 49. Ra7 Rb2 50. Kf3 Rb3+ 51. Ke4 Rb2 52. Bd4 Re2+ 53.
Kf3 Rd2 54. b7 Rd3+ 55. Ke4 Rb3 56. Ra6+ Kh7 57. Ra7 Rb1 58. Bc3 Rb3 59. e6 1-0

[Event "7. Open C.A. Ciudad los Angeles 2012"]
[Site "Madrid ESP"]
[Date "2013.05.26"]
[Round "8.13"]
[White "Soto Martin, Pablo"]
[Black "Veiga Rodriguez, Pablo"]
[Result "1-0"]
[WhiteElo "1763"]
[BlackElo "1598"]
[PlyCount "73"]
[EventDate "2013.04.07"]
[EventType "swiss"]
[EventRounds "9"]
[EventCountry "ESP"]
[SourceTitle "Ajedrez en Madrid"]
[Source "lmi"]
[SourceDate "2013.04.07"]
[SourceVersion "1"]
[SourceVersionDate "2013.08.06"]
[SourceQuality "1"]

1. e4 c5 2. Nf3 e6 3. c3 Nf6 4. Bd3 Nc6 5. Bc2 d5 6. e5 Nd7 7. d4 Qb6 8. a3 a5
9. O-O Be7 10. Re1 Nf8 11. b3 Ng6 12. Bb2 O-O 13. g3 Bd7 14. h4 f5 15. exf6
Rxf6 16. Ng5 Nf8 17. Kg2 h6 18. Nf3 Bd6 19. c4 cxd4 20. cxd5 Rxf3 21. Kxf3 Ne5+
22. Kg2 exd5 23. Bxd4 Qc7 24. Nc3 Bg4 25. Qc1 Nf3 26. Rd1 Ne6 27. Nxd5 Qc6 28.
Bb2 Nfd4 29. Be4 Bxd1 30. Nf6+ gxf6 31. Bxc6 bxc6 32. Qxd1 Bc5 33. Qg4+ Kf7 34.
Bxd4 Bxd4 35. Re1 Re8 36. Rxe6 Rxe6 37. Qxd4 1-0

[Event "7. Open C.A. Ciudad los Angeles 2012"]
[Site "Madrid ESP"]
[Date "2013.05.26"]
[Round "8.14"]
[White "Fernandez Rodriguez, Fernando J"]
[Black "Lopez Ziegler, Juan Jose"]
[Result "1/2-1/2"]
[WhiteElo "1760"]
[BlackElo "1515"]
[PlyCount "54"]
[EventDate "2013.04.07"]
[EventType "swiss"]
[EventRounds "9"]
[EventCountry "ESP"]
[SourceTitle "Ajedrez en Madrid"]
[Source "lmi"]
[SourceDate "2013.04.07"]
[SourceVersion "1"]
[SourceVersionDate "2013.08.06"]
[SourceQuality "1"]

1. e4 c5 2. Nc3 g6 3. g3 Nc6 4. Bg2 d6 5. Nge2 Bg7 6. O-O Nf6 7. d3 Be6 8. Bd2
Nd7 9. Nf4 Nd4 10. Nxe6 Nxe6 11. Rb1 Nd4 12. Ne2 Rb8 13. c3 Nxe2+ 14. Qxe2 b5
15. Be3 Qc8 16. Rfc1 Ne5 17. d4 Nc4 18. b3 Nxe3 19. Qxe3 h5 20. e5 dxe5 21.
dxe5 Qc7 22. e6 Qe5 23. exf7+ Kxf7 24. Qf3+ Bf6 25. Rb2 Qg5 26. Re1 h4 27. Rbe2
Kg7 1/2-1/2

[Event "7. Open C.A. Ciudad los Angeles 2012"]
[Site "Madrid ESP"]
[Date "2013.05.26"]
[Round "8.15"]
[White "Leniz Martinez, Francisco"]
[Black "Salgado Duarte, Pablo"]
[Result "1-0"]
[WhiteElo "1771"]
[BlackElo "1607"]
[PlyCount "177"]
[EventDate "2013.04.07"]
[EventType "swiss"]
[EventRounds "9"]
[EventCountry "ESP"]
[SourceTitle "Ajedrez en Madrid"]
[Source "lmi"]
[SourceDate "2013.04.07"]
[SourceVersion "1"]
[SourceVersionDate "2013.08.06"]
[SourceQuality "1"]

1. e4 e5 2. Nf3 Nc6 3. Bb5 d6 4. O-O Bd7 5. Re1 Be7 6. c3 Nf6 7. d4 exd4 8.
cxd4 a6 9. Ba4 b5 10. Bc2 Bg4 11. Be3 Nb4 12. Nbd2 O-O 13. Bb1 Rc8 14. a3 Nc6
15. b4 Bh5 16. h3 Nd7 17. Bd3 Bf6 18. Qc2 Ne7 19. Rac1 Bg6 20. Nh2 h5 21. f4
Bh4 22. Rf1 f5 23. Nhf3 fxe4 24. Bxe4 Bxe4 25. Qxe4 Bf6 26. Qe6+ Kh8 27. Ng5
Bxg5 28. fxg5 Rxf1+ 29. Rxf1 Nf8 30. Qb3 Qe8 31. Ne4 Qg6 32. Ng3 h4 33. Ne2 Qe4
34. Rf4 Qh7 35. Bf2 Neg6 36. Re4 Qh5 37. Qe3 Rd8 38. Kh2 d5 39. Rg4 Rd7 40. Qf3
c6 41. Nf4 Qh7 42. Nxg6+ Nxg6 43. Qf5 Rd8 44. Qe6 Rf8 45. Be1 Nf4 46. Qxc6 Qe4
47. Qd6 Kg8 48. Bxh4 Qe3 49. Qe5 Qxe5 50. dxe5 d4 51. Bg3 Ne6 52. Kg1 d3 53.
Be1 Rd8 54. Bd2 Nd4 55. Kf2 Nb3 56. Ke3 Nxd2 57. Kxd2 Kf7 58. Rg3 Ke6 59. Rxd3
Rf8 60. Rd6+ Kxe5 61. Rxa6 Rf2+ 62. Ke1 Rxg2 63. Ra5 Kd6 64. Rxb5 Rg3 65. a4
Rxh3 66. Rb6+ Kc7 67. Rg6 Re3+ 68. Kd2 Re7 69. Kc3 Kb7 70. Kc4 Rc7+ 71. Kd5
Rd7+ 72. Ke6 Rc7 73. Kd5 Rd7+ 74. Kc4 Rc7+ 75. Kb3 Re7 76. a5 Ka7 77. Rc6 Kb7
78. Rg6 Ka7 79. Ka4 Kb7 80. a6+ Ka7 81. b5 Rf7 82. Ka5 Re7 83. Rc6 Rd7 84. b6+
Kb8 85. Rc5 g6 86. Kb5 Rf7 87. Re5 Rf8 88. Kc6 Rc8+ 89. Kd7 1-0

[Event "7. Open C.A. Ciudad los Angeles 2012"]
[Site "Madrid ESP"]
[Date "2013.05.26"]
[Round "8.16"]
[White "Savchuk, Olga"]
[Black "Yeves Miquel, Enrique"]
[Result "1/2-1/2"]
[WhiteElo "1514"]
[BlackElo "1737"]
[PlyCount "61"]
[EventDate "2013.04.07"]
[EventType "swiss"]
[EventRounds "9"]
[EventCountry "ESP"]
[SourceTitle "Ajedrez en Madrid"]
[Source "lmi"]
[SourceDate "2013.04.07"]
[SourceVersion "1"]
[SourceVersionDate "2013.08.06"]
[SourceQuality "1"]

1. e4 c5 2. Nf3 e6 3. c4 Nc6 4. Nc3 e5 5. g3 g6 6. Bg2 Bg7 7. O-O Nge7 8. d3
O-O 9. Bg5 f6 10. Be3 d6 11. h3 Be6 12. a3 a5 13. Rb1 h6 14. Qd2 Kh7 15. Nd5
Nd4 16. b4 Nxf3+ 17. Bxf3 Bxh3 18. Bg2 Bxg2 19. Kxg2 cxb4 20. axb4 Nxd5 21.
cxd5 a4 22. Rh1 g5 23. f4 Kg8 24. Rbf1 b5 25. d4 Qe7 26. dxe5 fxe5 27. fxg5
Rxf1 28. Rxf1 hxg5 29. Bxg5 Qd7 30. Bh6 Rc8 31. Bxg7 1/2-1/2

[Event "7. Open C.A. Ciudad los Angeles 2012"]
[Site "Madrid ESP"]
[Date "2013.05.26"]
[Round "8.17"]
[White "Enfedaque Jimenez, Juan Carlos"]
[Black "Garcia Minguez, Antonio"]
[Result "1-0"]
[WhiteElo "1735"]
[BlackElo "1494"]
[PlyCount "121"]
[EventDate "2013.04.07"]
[EventType "swiss"]
[EventRounds "9"]
[EventCountry "ESP"]
[SourceTitle "Ajedrez en Madrid"]
[Source "lmi"]
[SourceDate "2013.04.07"]
[SourceVersion "1"]
[SourceVersionDate "2013.08.06"]
[SourceQuality "1"]

1. e4 c5 2. Nf3 a6 3. d4 cxd4 4. Nxd4 Nc6 5. Nc3 e6 6. Be2 Bc5 7. Be3 Ba7 8.
Nxc6 bxc6 9. Bxa7 Rxa7 10. Qd4 Rb7 11. Qxg7 Qf6 12. Qxf6 Nxf6 13. Bxa6 Rb8 14.
Bxc8 Rxc8 15. f3 Rg8 16. g3 d5 17. e5 Nd7 18. f4 Rb8 19. b3 Ke7 20. Kd2 Nc5 21.
Ke3 Rgd8 22. Rhd1 Rb4 23. Rd4 Rb7 24. b4 Na6 25. a3 c5 26. bxc5 Nxc5 27. Rb1
Rc7 28. Nb5 Rb7 29. Rdb4 Ne4 30. Nd4 Rc7 31. Rb7 Rdd7 32. Rxc7 Rxc7 33. Rb3 Rc4
34. g4 Kf8 35. f5 Nc5 36. Rb8+ Kg7 37. fxe6 fxe6 38. Ra8 Kg6 39. h4 Rc3+ 40.
Ke2 Kf7 41. Ra7+ Kg6 42. Re7 Rxa3 43. Nxe6 Nxe6 44. Rxe6+ Kf7 45. Rh6 Ra2 46.
Rxh7+ Ke6 47. Kd3 Ra4 48. g5 Kxe5 49. g6 Ra3+ 50. Kd2 Rg3 51. h5 Rg5 52. g7 Kf6
53. h6 Kf7 54. Rh8 Rg6 55. g8=Q+ Rxg8 56. Rxg8 Kxg8 57. Kd3 Kh7 58. Kd4 Kxh6
59. Kxd5 Kg7 60. Kd6 Kf8 61. Kd7 1-0

[Event "7. Open C.A. Ciudad los Angeles 2012"]
[Site "Madrid ESP"]
[Date "2013.05.26"]
[Round "8.18"]
[White "Martin Garcia, Francisco J"]
[Black "Sotres Menendez, Raul"]
[Result "1/2-1/2"]
[WhiteElo "1698"]
[BlackElo "1606"]
[PlyCount "91"]
[EventDate "2013.04.07"]
[EventType "swiss"]
[EventRounds "9"]
[EventCountry "ESP"]
[SourceTitle "Ajedrez en Madrid"]
[Source "lmi"]
[SourceDate "2013.04.07"]
[SourceVersion "1"]
[SourceVersionDate "2013.08.06"]
[SourceQuality "1"]

1. d4 Nf6 2. Nf3 e6 3. c4 d5 4. g3 c6 5. Bg2 Bd6 6. Nc3 O-O 7. O-O Nbd7 8. Nd2
Qc7 9. e4 dxe4 10. Ndxe4 Nxe4 11. Nxe4 Be7 12. Bf4 e5 13. dxe5 Nxe5 14. Qd4 f6
15. Rad1 Rd8 16. Qc3 Be6 17. b3 Rd7 18. Rxd7 Bxd7 19. Rd1 Bg4 20. f3 Bf5 21.
Nf2 Rd8 22. Rxd8+ Bxd8 23. c5 Qe7 24. g4 Bg6 25. h4 Bc7 26. Qe3 Qd8 27. h5 Bf7
28. h6 g6 29. Ne4 Bd5 30. Bxe5 Bxe5 31. Nd6 Bxd6 32. cxd6 Qxd6 33. f4 Bxg2 34.
Kxg2 a6 35. g5 Kf7 36. gxf6 Qxf6 37. Qe4 Qe6 38. Qc2 Qg4+ 39. Kh1 Qxf4 40. Qd3
Qxh6+ 41. Kg2 Qg5+ 42. Kh2 Qd5 43. Qf1+ Kg7 44. Qa1+ Kh6 45. Kg3 g5 46. Qf6+
1/2-1/2

[Event "7. Open C.A. Ciudad los Angeles 2012"]
[Site "Madrid ESP"]
[Date "2013.05.26"]
[Round "8.19"]
[White "Al-Zarif Zabala, Bassam"]
[Black "Sorribes Calle, Pablo"]
[Result "1/2-1/2"]
[WhiteElo "1797"]
[BlackElo "1663"]
[PlyCount "95"]
[EventDate "2013.04.07"]
[EventType "swiss"]
[EventRounds "9"]
[EventCountry "ESP"]
[SourceTitle "Ajedrez en Madrid"]
[Source "lmi"]
[SourceDate "2013.04.07"]
[SourceVersion "1"]
[SourceVersionDate "2013.08.06"]
[SourceQuality "1"]

1. e4 c5 2. Nf3 Nc6 3. Bb5 Qc7 4. O-O a6 5. Bxc6 Qxc6 6. Re1 e6 7. d4 cxd4 8.
Nxd4 Qc7 9. Nc3 Ne7 10. Be3 Nc6 11. Nce2 Bd6 12. Ng3 O-O 13. c3 Ne7 14. Qc2 Ng6
15. Nf3 b5 16. Rad1 Be7 17. Qd2 d6 18. Bg5 f6 19. Be3 Bb7 20. Qe2 d5 21. exd5
Bxd5 22. Nd4 e5 23. Ndf5 Bxa2 24. Nxe7+ Nxe7 25. Ne4 Rfd8 26. Rxd8+ Rxd8 27.
Rd1 Bb3 28. Rxd8+ Qxd8 29. Qd2 Qd5 30. Nc5 a5 31. Qxd5+ Bxd5 32. f3 a4 33. Na6
Kf7 34. Nb4 Bc4 35. Kf2 Ke6 36. Bc5 Nd5 37. Nxd5 Kxd5 38. Bf8 g6 39. Ke3 Bf1
40. g3 Kc4 41. f4 exf4+ 42. Kxf4 Kb3 43. Ba3 Kc4 44. h4 Kd3 45. Be7 Kc2 46. Ba3
Bg2 47. Ke3 h6 48. Kf4 1/2-1/2

[Event "7. Open C.A. Ciudad los Angeles 2012"]
[Site "Madrid ESP"]
[Date "2013.05.26"]
[Round "8.20"]
[White "Ramos Antona, Enrique"]
[Black "Melcon Diez, Enrique"]
[Result "0-1"]
[WhiteElo "1752"]
[BlackElo "1641"]
[PlyCount "55"]
[EventDate "2013.04.07"]
[EventType "swiss"]
[EventRounds "9"]
[EventCountry "ESP"]
[SourceTitle "Ajedrez en Madrid"]
[Source "lmi"]
[SourceDate "2013.04.07"]
[SourceVersion "1"]
[SourceVersionDate "2013.08.06"]
[SourceQuality "1"]

1. d4 Nf6 2. c4 c5 3. Nf3 cxd4 4. Nxd4 e5 5. Nb5 d5 6. e3 a6 7. N5a3 d4 8. exd4
exd4 9. Bg5 Qa5+ 10. Bd2 Qb6 11. Bd3 Qxb2 12. Qe2+ Be6 13. Nc2 Qb6 14. O-O Bd6
15. Bg5 Ng4 16. g3 O-O 17. Nd2 h6 18. Rab1 Qc7 19. Qe4 g6 20. Rxb7 Qa5 21. Nxd4
Bc8 22. Rxf7 Qxg5 23. Rxf8+ Kxf8 24. Qxa8 Qxd2 25. Qf3+ Kg7 26. Qe4 Ne5 27. Bb1
Qxd4 28. Qxd4 0-1

[Event "7. Open C.A. Ciudad los Angeles 2012"]
[Site "Madrid ESP"]
[Date "2013.05.26"]
[Round "8.21"]
[White "Juarez De Vena, Antonio"]
[Black "Vivas Mariscal, Luis Miguel"]
[Result "0-1"]
[WhiteElo "1697"]
[BlackElo "1573"]
[PlyCount "40"]
[EventDate "2013.04.07"]
[EventType "swiss"]
[EventRounds "9"]
[EventCountry "ESP"]
[SourceTitle "Ajedrez en Madrid"]
[Source "lmi"]
[SourceDate "2013.04.07"]
[SourceVersion "1"]
[SourceVersionDate "2013.08.06"]
[SourceQuality "1"]

1. e4 d5 2. exd5 Qxd5 3. Nc3 Qa5 4. d4 Nf6 5. Bd2 Bf5 6. Nf3 e6 7. Bc4 c6 8.
O-O h6 9. Re1 Bd6 10. Nh4 Bh7 11. d5 cxd5 12. Nxd5 Qd8 13. Nxf6+ Qxf6 14. Qg4
Be7 15. Bxe6 fxe6 16. Rxe6 Qf7 17. Rae1 Nc6 18. Bb4 O-O 19. Nf3 Bxb4 20. R1e4
Bxe4 0-1

[Event "7. Open C.A. Ciudad los Angeles 2012"]
[Site "Madrid ESP"]
[Date "2013.05.26"]
[Round "8.23"]
[White "Gines Sanchez, Javier"]
[Black "Ballesteros Jimenez, Miguel A"]
[Result "0-1"]
[WhiteElo "1549"]
[BlackElo "1672"]
[PlyCount "128"]
[EventDate "2013.04.07"]
[EventType "swiss"]
[EventRounds "9"]
[EventCountry "ESP"]
[SourceTitle "Ajedrez en Madrid"]
[Source "lmi"]
[SourceDate "2013.04.07"]
[SourceVersion "1"]
[SourceVersionDate "2013.08.06"]
[SourceQuality "1"]

1. e4 d5 2. exd5 Qxd5 3. Nc3 Qd6 4. Bc4 Nf6 5. h3 a6 6. d3 b5 7. Bb3 Bb7 8. Nf3
e6 9. Bg5 Nbd7 10. Qe2 Be7 11. O-O O-O 12. Rad1 Nc5 13. Ne4 Bxe4 14. dxe4 Qb6
15. e5 Nxb3 16. exf6 gxf6 17. Be3 Nc5 18. b4 Rac8 19. bxc5 Bxc5 20. Bxc5 Qxc5
21. Rd7 Rfd8 22. Rfd1 Rxd7 23. Rxd7 Qf8 24. Qd2 Qe8 25. Rd3 c5 26. Rd6 Ra8 27.
Qc3 Qe7 28. Qxc5 Rd8 29. Rxd8+ Qxd8 30. Qd4 Qe7 31. c4 bxc4 32. Qxc4 Qa3 33.
Nd4 Qa5 34. Kf1 Qd8 35. Nf3 a5 36. Ke2 Kg7 37. Nd4 Qb8 38. Nc6 Qb6 39. a4 Qb2+
40. Kf3 Qa3+ 41. Ke4 Qb2 42. Ke3 Qa3+ 43. Kf4 Qb2 44. Qd4 Qc1+ 45. Kg3 Qxc6 46.
Qg4+ Kf8 47. Qh4 Ke7 48. f3 Qd6+ 49. Kf2 Qd2+ 50. Kg3 Qc2 51. Kh2 e5 52. Kg3
Qd3 53. Kf2 Qd4+ 54. Qxd4 exd4 55. Ke2 Kd6 56. Kd3 Kc5 57. g4 Kd5 58. h4 Ke5
59. g5 fxg5 60. hxg5 Kd5 61. f4 Kc5 62. f5 Kd5 63. f6 Kc5 64. Kd2 Kc4 0-1

[Event "7. Open C.A. Ciudad los Angeles 2012"]
[Site "Madrid ESP"]
[Date "2013.05.26"]
[Round "8.29"]
[White "Benitez Robles, Antonio"]
[Black "Rausell Tamayo, Estrella"]
[Result "0-1"]
[WhiteElo "1483"]
[BlackElo "1280"]
[PlyCount "66"]
[EventDate "2013.04.07"]
[EventType "swiss"]
[EventRounds "9"]
[EventCountry "ESP"]
[SourceTitle "Ajedrez en Madrid"]
[Source "lmi"]
[SourceDate "2013.04.07"]
[SourceVersion "1"]
[SourceVersionDate "2013.08.06"]
[SourceQuality "1"]

1. e4 e6 2. d4 d5 3. exd5 exd5 4. Nf3 Bd6 5. c4 dxc4 6. Bxc4 Ne7 7. O-O O-O 8.
Bg5 Nd7 9. Nc3 c6 10. Re1 Nb6 11. Bb3 Qc7 12. Ne4 Nbd5 13. Nxd6 Qxd6 14. Bxd5
Nxd5 15. Qb3 Qb4 16. Qc2 Bg4 17. a3 Qb6 18. Ne5 f6 19. Bxf6 Nxf6 20. Qc4+ Kh8
21. Nf7+ Kg8 22. Re7 Nd5 23. Ne5 Qxb2 24. Rf1 Be2 25. Nd3 Bxd3 26. Rxg7+ Kxg7
27. Qxd3 Nf4 28. Qg3+ Kh8 29. Kh1 Qxd4 30. Qh4 Qf6 31. Qg3 c5 32. h3 c4 33. Rc1
Ne2 0-1

[Event "7. Open C.A. Ciudad los Angeles 2012"]
[Site "Madrid ESP"]
[Date "2013.06.02"]
[Round "9.1"]
[White "Brull Cortes, Boris"]
[Black "Rodriguez Dorado, Victor"]
[Result "1/2-1/2"]
[WhiteElo "1953"]
[BlackElo "1924"]
[PlyCount "81"]
[EventDate "2013.04.07"]
[EventType "swiss"]
[EventRounds "9"]
[EventCountry "ESP"]
[SourceTitle "Ajedrez en Madrid"]
[Source "lmi"]
[SourceDate "2013.04.07"]
[SourceVersion "1"]
[SourceVersionDate "2013.08.06"]
[SourceQuality "1"]

1. f4 Nf6 2. b3 d5 3. Bb2 c5 4. Nf3 Nc6 5. e3 a6 6. Be2 e6 7. O-O Be7 8. d3 O-O
9. Nbd2 Ng4 10. Qe1 Nxe3 11. Qg3 Bf6 12. Ne5 Nxf1 13. Rxf1 Nxe5 14. fxe5 Bh4
15. Qh3 b5 16. Nf3 Be7 17. d4 c4 18. Qg3 Bb7 19. Bc1 f5 20. Bh6 Rf7 21. Bg5
cxb3 22. axb3 Rc8 23. Bd3 Qe8 24. Bh6 Kh8 25. Bd2 Rf8 26. Qh3 Qg6 27. Kh1 Qg4
28. Qg3 Qxg3 29. hxg3 h6 30. Nh4 Bxh4 31. gxh4 Bc6 32. Bb4 Rfe8 33. Be2 g6 34.
g4 Bd7 35. gxf5 exf5 36. Bd3 Be6 37. Kg2 Rc7 38. Ra1 Rc6 39. Kf3 Kg7 40. Kf4
Kf7 41. Bc5 1/2-1/2

[Event "7. Open C.A. Ciudad los Angeles 2012"]
[Site "Madrid ESP"]
[Date "2013.06.02"]
[Round "9.2"]
[White "Lopez Ziegler, Carlos"]
[Black "Lobato Rivero, Carlos"]
[Result "1/2-1/2"]
[WhiteElo "1913"]
[BlackElo "1964"]
[PlyCount "38"]
[EventDate "2013.04.07"]
[EventType "swiss"]
[EventRounds "9"]
[EventCountry "ESP"]
[SourceTitle "Ajedrez en Madrid"]
[Source "lmi"]
[SourceDate "2013.04.07"]
[SourceVersion "1"]
[SourceVersionDate "2013.08.06"]
[SourceQuality "1"]

1. e4 g6 2. d4 Bg7 3. Nc3 d6 4. h3 Nf6 5. Nf3 O-O 6. Be3 c6 7. a4 Qa5 8. Bd3
Nbd7 9. O-O e5 10. dxe5 dxe5 11. Nd2 Qc7 12. b4 Rd8 13. a5 Qd6 14. Qb1 Bf8 15.
Ra4 Nh5 16. Rd1 Nf4 17. Bf1 Qe7 18. Nf3 Qf6 19. Ne2 Nxh3+ 1/2-1/2